[Event "Sachsen-Anhalt-ch op"]
[Site "Magdeburg"]
[Date "2022.10.29"]
[Round "1"]
[White "Domroese, Michael"]
[Black "Schiffner, Robin"]
[Result "1-0"]
[WhiteElo "1830"]
[BlackElo "1398"]
[PlyCount "29"]
[EventDate "2022.10.29"]
[EventType "swiss"]
[EventRounds "7"]
[EventCountry "GER"]
[SourceTitle "CBM 211 Extra"]
[Source "ChessBase"]
[SourceDate "2023.01.31"]
[SourceVersion "1"]
[SourceVersionDate "2023.01.31"]
[SourceQuality "1"]

1. e4 e6 2. Nc3 d5 3. d4 Nf6 4. Bg5 Be7 5. e5 Nfd7 6. h4 0-0 7. Qg4 Kh8 8. Bd3 c5 9. Nf3 cxd4 10. Bxh7 Kxh7 11. Bxe7 Qxe7 12. Qh5+ Kg8 13. Ng5 Re8 14. Qh7+ Kf8 15. Qh8# 1-0

[Event "Sachsen-Anhalt-ch op"]
[Site "Magdeburg"]
[Date "2022.10.29"]
[Round "2"]
[White "Kalusche, Andreas"]
[Black "Domroese, Michael"]
[Result "1/2-1/2"]
[WhiteElo "1731"]
[BlackElo "1830"]
[PlyCount "50"]
[EventDate "2022.10.29"]
[EventType "swiss"]
[EventRounds "7"]
[EventCountry "GER"]
[SourceTitle "CBM 211 Extra"]
[Source "ChessBase"]
[SourceDate "2023.01.31"]
[SourceVersion "1"]
[SourceVersionDate "2023.01.31"]
[SourceQuality "1"]

1. d4 d5 2. c4 e5 3. dxe5 d4 4. Nf3 Nc6 5. a3 Nge7 6. e3 Bg4 7. Be2 d3 8. Qxd3 Qxd3 9. Bxd3 Bxf3 10. gxf3 Nxe5 11. Be2 0-0-0 12. f4 Nd3+ 13. Bxd3 Rxd3 14. Ke2 Rd6 15. b4 Nf5 16. Bb2 Be7 17. Nd2 Rhd8 18. Rad1 Re6 19. Nf3 f6 20. Rxd8+ Kxd8 21. Rd1+ Ke8 22. Nd4 Nxd4+ 23. Bxd4 a5 24. Bc3 axb4 25. axb4 Ra6 1/2-1/2

[Event "GER-ch Net blitz qual4"]
[Site "Playchess.com INT"]
[Date "2021.05.10"]
[Round "1"]
[White "Domroese, Michael"]
[Black "Happe, Reinhold"]
[Result "0-1"]
[WhiteElo "1531"]
[BlackElo "1941"]
[PlyCount "44"]
[EventDate "2021.05.10"]
[EventType "swiss (blitz)"]
[EventRounds "11"]
[EventCountry "GER"]
[SourceTitle "CBM 202 Extra"]
[Source "ChessBase"]
[SourceDate "2021.07.31"]
[SourceVersion "1"]
[SourceVersionDate "2021.07.31"]
[SourceQuality "1"]

1. e4 e5 2. Nf3 d5 3. exd5 Bd6 4. c4 Nf6 5. Bd3 0-0 6. Bc2 Bg4 7. 0-0 c6 8. h3 Bh5 9. Nc3 cxd5 10. cxd5 Nbd7 11. Re1 a6 12. b3 Rc8 13. Bb2 Re8 14. Ne4 Nxe4 15. Rxe4 f5 16. Re1 e4 17. g4 fxg4 18. Nd4 Qh4 19. Nf5 Qxh3 20. Nxd6 g3 21. Qb1 Qh2+ 22. Kf1 Qxf2# 0-1

[Event "GER-ch Net blitz qual2"]
[Site "Playchess.com INT"]
[Date "2021.05.04"]
[Round "2"]
[White "Domroese, Michael"]
[Black "Faysal, Wasim"]
[Result "0-1"]
[WhiteElo "1593"]
[BlackElo "1739"]
[PlyCount "78"]
[EventDate "2021.05.04"]
[EventType "swiss (blitz)"]
[EventRounds "11"]
[EventCountry "GER"]
[SourceTitle "CBM 202 Extra"]
[Source "ChessBase"]
[SourceDate "2021.07.31"]
[SourceVersion "1"]
[SourceVersionDate "2021.07.31"]
[SourceQuality "1"]

1. e4 c5 2. Nc3 Nc6 3. f4 e5 4. Nf3 d6 5. Bc4 Be7 6. f5 Nf6 7. d3 0-0 8. 0-0 h6 9. Qe1 Nb4 10. Bb3 a5 11. a3 Nc6 12. Qg3 Kh7 13. Qh3 Nd4 14. Ng5+ Kg8 15. Nf3 Nxb3 16. cxb3 d5 17. Bxh6 dxe4 18. dxe4 gxh6 19. Qxh6 Nh7 20. Rad1 Qb6 21. Nd5 Qxh6 22. Nxe7+ Kh8 23. Nxe5 Qe3+ 24. Kh1 Qxe4 25. N5g6+ fxg6 26. Nxg6+ Kg7 27. Rf3 Bxf5 28. Nh4 Rad8 29. Nxf5+ Rxf5 30. Rdf1 Rxf3 31. gxf3 Qf4 32. Rg1+ Ng5 33. Rg3 Rd3 34. Kg2 Kf6 35. h4 Nxf3 36. Rxf3 Qxf3+ 37. Kg1 Rd1+ 38. Kh2 Rd2+ 39. Kg1 Qd1# 0-1

[Event "GER-ch Net blitz qual2"]
[Site "Playchess.com INT"]
[Date "2021.05.04"]
[Round "4"]
[White "Domroese, Michael"]
[Black "Heiligtag, Matthias"]
[Result "1/2-1/2"]
[WhiteElo "1593"]
[BlackElo "1730"]
[PlyCount "63"]
[EventDate "2021.05.04"]
[EventType "swiss (blitz)"]
[EventRounds "11"]
[EventCountry "GER"]
[SourceTitle "CBM 202 Extra"]
[Source "ChessBase"]
[SourceDate "2021.07.31"]
[SourceVersion "1"]
[SourceVersionDate "2021.07.31"]
[SourceQuality "1"]

1. e4 e5 2. Nf3 Nf6 3. Bc4 Nc6 4. Nc3 Bc5 5. d3 h6 6. Be3 Bb6 7. a3 d6 8. Bxb6 axb6 9. 0-0 Be6 10. Nd5 Na5 11. Ba2 0-0 12. c3 c6 13. Nxf6+ Qxf6 14. Bxe6 Qxe6 15. b4 Nb3 16. Rb1 Rxa3 17. Qc2 Rfa8 18. Rb2 c5 19. Rfb1 Na1 20. Qd1 c4 21. dxc4 Qxc4 22. Qxd6 Qxc3 23. Qxb6 Nb3 24. h3 Ra1 25. Qxb7 R8a2 26. Rxa1 Rxa1+ 27. Kh2 Qxb2 28. Qc8+ Kh7 29. Qf5+ Kg8 30. Qc8+ Kh7 31. Qf5+ Kg8 32. Qc8+ 1/2-1/2

[Event "GER Cup Net V4 U2000"]
[Site "Playchess.com INT"]
[Date "2020.05.31"]
[Round "2"]
[White "Ebner, Bruno"]
[Black "Domroese, Michael"]
[Result "0-1"]
[WhiteElo "1729"]
[BlackElo "1569"]
[PlyCount "34"]
[EventDate "2020.05.31"]
[EventType "swiss (blitz)"]
[EventRounds "9"]
[EventCountry "GER"]
[SourceTitle "EXT 2021"]
[Source "ChessBase"]
[SourceDate "2020.10.23"]
[SourceVersion "1"]
[SourceVersionDate "2020.10.23"]
[SourceQuality "1"]

1. d4 d5 2. c4 e5 3. dxe5 d4 4. Nf3 Nc6 5. Bg5 Be7 6. Bf4 Be6 7. e3 Bb4+ 8. Nbd2 dxe3 9. Bxe3 Nge7 10. a3 Bxd2+ 11. Qxd2 Ng6 12. Qc3 0-0 13. Rd1 Qe7 14. b4 Bg4 15. Bc5 Qe6 16. Bxf8 Ncxe5 17. Ng5 Nf3# 0-1

[Event "GER Cup Net V2 U2000"]
[Site "Playchess.com INT"]
[Date "2020.05.22"]
[Round "2"]
[White "Domroese, Michael"]
[Black "Niebergall, Gerhard"]
[Result "1/2-1/2"]
[WhiteElo "1649"]
[BlackElo "1818"]
[PlyCount "49"]
[EventDate "2020.05.22"]
[EventType "swiss (blitz)"]
[EventRounds "9"]
[EventCountry "GER"]
[SourceTitle "EXT 2021"]
[Source "ChessBase"]
[SourceDate "2020.10.23"]
[SourceVersion "1"]
[SourceVersionDate "2020.10.23"]
[SourceQuality "1"]

1. e4 e5 2. Nf3 Nc6 3. d4 exd4 4. Bc4 Nf6 5. 0-0 Nxe4 6. Re1 d5 7. Bxd5 Qxd5 8. Nc3 Qd7 9. Nxe4 Be7 10. Bg5 0-0 11. Bxe7 Qxe7 12. Nxd4 Bd7 13. Nb5 Rac8 14. Qh5 h6 15. Rad1 Be6 16. Nc5 a6 17. Nxe6 fxe6 18. Nd4 Nxd4 19. Rxd4 Qf6 20. Rd2 Rcd8 21. Rde2 Rd6 22. c3 Rd5 23. Qg4 Re8 24. h3 Rf5 25. Qc4 1/2-1/2

[Event "GER Cup Net V2 U2000"]
[Site "Playchess.com INT"]
[Date "2020.05.22"]
[Round "6"]
[White "Domroese, Michael"]
[Black "Schulz, Gerhard1"]
[Result "1-0"]
[WhiteElo "1649"]
[BlackElo "1419"]
[PlyCount "61"]
[EventDate "2020.05.22"]
[EventType "swiss (blitz)"]
[EventRounds "9"]
[EventCountry "GER"]
[SourceTitle "EXT 2021"]
[Source "ChessBase"]
[SourceDate "2020.10.23"]
[SourceVersion "1"]
[SourceVersionDate "2020.10.23"]
[SourceQuality "1"]

1. e4 e6 2. Nc3 d5 3. d4 dxe4 4. Nxe4 Nd7 5. Nf3 Ngf6 6. Bd3 c5 7. dxc5 Nxc5 8. Bb5+ Bd7 9. Nxf6+ Qxf6 10. Bxd7+ Nxd7 11. 0-0 h6 12. c3 Ne5 13. Qa4+ Nc6 14. Nd4 Rc8 15. Nxc6 bxc6 16. Qxa7 Be7 17. Be3 0-0 18. Bd4 e5 19. Be3 Rfd8 20. Rfd1 Rxd1+ 21. Rxd1 Rd8 22. Rxd8+ Bxd8 23. Qd7 Be7 24. g3 Kh7 25. a4 Bd8 26. b4 Be7 27. a5 c5 28. bxc5 e4 29. Bd4 Qg5 30. c6 Qc1+ 31. Kg2 1-0

[Event "GER Cup Net V2 U2000"]
[Site "Playchess.com INT"]
[Date "2020.05.22"]
[Round "7"]
[White "Heinrich, John"]
[Black "Domroese, Michael"]
[Result "1-0"]
[WhiteElo "1237"]
[BlackElo "1649"]
[PlyCount "55"]
[EventDate "2020.05.22"]
[EventType "swiss (blitz)"]
[EventRounds "9"]
[EventCountry "GER"]
[SourceTitle "EXT 2021"]
[Source "ChessBase"]
[SourceDate "2020.10.23"]
[SourceVersion "1"]
[SourceVersionDate "2020.10.23"]
[SourceQuality "1"]

1. e4 d5 2. Nf3 dxe4 3. Ng5 Nf6 4. Nc3 Bg4 5. Be2 Bxe2 6. Qxe2 Nc6 7. Ngxe4 Nxe4 8. Qxe4 e6 9. d3 Be7 10. Qg4 0-0 11. Bd2 Nd4 12. 0-0-0 Bf6 13. Ne4 a5 14. Bc3 b5 15. Nxf6+ Qxf6 16. Bxd4 e5 17. Be3 b4 18. Rhf1 a4 19. Qxb4 Rfb8 20. Qe4 a3 21. b3 Qd6 22. Bd2 Qc5 23. Qc4 Qd6 24. Bc3 Ra6 25. Rde1 Rc6 26. Bxe5 Qh6+ 27. Qf4 Qg6 28. Kb1 1-0

[Event "GER Cup Net V2 U2000"]
[Site "Playchess.com INT"]
[Date "2020.05.22"]
[Round "3"]
[White "Lucas, Michael"]
[Black "Domroese, Michael"]
[Result "1-0"]
[WhiteElo "1899"]
[BlackElo "1649"]
[PlyCount "149"]
[EventDate "2020.05.22"]
[EventType "swiss (blitz)"]
[EventRounds "9"]
[EventCountry "GER"]
[SourceTitle "EXT 2021"]
[Source "ChessBase"]
[SourceDate "2020.10.23"]
[SourceVersion "1"]
[SourceVersionDate "2020.10.23"]
[SourceQuality "1"]

1. d4 d5 2. Nf3 e6 3. Bf4 Nf6 4. e3 Bd6 5. Bg3 c6 6. Nbd2 0-0 7. Bd3 c5 8. c3 cxd4 9. exd4 a6 10. Ne5 Nc6 11. f4 Qc7 12. 0-0 b5 13. a3 Bb7 14. Qe2 a5 15. Bxb5 Qb6 16. Nxc6 Bxc6 17. Bxc6 Qxc6 18. Bh4 Ne4 19. Nxe4 dxe4 20. f5 e5 21. f6 exd4 22. fxg7 Rfe8 23. cxd4 Qd5 24. Rad1 Rac8 25. Bf6 Re6 26. Bh4 Rg6 27. Rd2 Re8 28. Qe3 Qh5 29. Bg3 Bxg3 30. hxg3 Kxg7 31. Rf4 Qd5 32. Rdf2 Re7 33. Rf5 Qd6 34. R2f4 Qb6 35. g4 Qxb2 36. d5 Qb1+ 37. Rf1 Qd3 38. Qxd3 exd3 39. Rd1 Rxg4 40. Rxd3 Re1+ 41. Kh2 Rg6 42. d6 Re8 43. d7 Rd8 44. Rxa5 Re6 45. Rad5 Re7 46. Kg3 Kf6 47. Kf4 Ke6 48. Re5+ Kf6 49. Rd6+ Re6 50. Rexe6+ fxe6 51. Rd3 Ke7 52. Ke5 Rxd7 53. Rxd7+ Kxd7 54. a4 Ke7 55. a5 Kd7 56. g4 Kc7 57. Kxe6 Kb7 58. Kf6 Ka6 59. Kg7 Kxa5 60. Kxh7 Kb6 61. g5 Kc7 62. g6 Kd7 63. g7 Ke7 64. g8Q Kf6 65. Qg4 Ke5 66. Kg6 Kd5 67. Qe2 Kd4 68. Kf5 Kc5 69. Ke5 Kc6 70. Qc2+ Kb5 71. Kd6 Kb6 72. Qc5+ Ka6 73. Qb4 Ka7 74. Kc7 Ka6 75. Qb6# 1-0

[Event "GER-ch Net Amateur Gr-B Vor3"]
[Site "Playchess.com INT"]
[Date "2020.04.16"]
[Round "3"]
[White "Domroese, Michael"]
[Black "Braeutigam, Katerina"]
[Result "0-1"]
[WhiteElo "1614"]
[BlackElo "1493"]
[PlyCount "80"]
[EventDate "2020.04.16"]
[EventType "swiss (blitz)"]
[EventRounds "9"]
[EventCountry "GER"]
[SourceTitle "CBM 195 Extra"]
[Source "ChessBase"]
[SourceDate "2020.05.31"]
[SourceVersion "1"]
[SourceVersionDate "2020.05.31"]
[SourceQuality "1"]

1. e4 c6 2. Nc3 d5 3. Nf3 Bg4 4. h3 Bh5 5. exd5 cxd5 6. g4 Bg6 7. Bb5+ Nc6 8. Ne5 Rc8 9. Nxc6 bxc6 10. Ba6 Rb8 11. d4 e6 12. h4 Bb4 13. Bd2 h6 14. a3 Bd6 15. b3 Nf6 16. g5 Ne4 17. Nxe4 Bxe4 18. Rg1 Bh2 19. Rg4 h5 20. Rxe4 dxe4 21. c3 Bc7 22. Qc2 0-0 23. b4 Qd5 24. Be2 g6 25. Be3 e5 26. 0-0-0 exd4 27. Bxd4 Bf4+ 28. Kb2 Qe6 29. Bc5 Rfe8 30. Bxa7 Ra8 31. Bb6 Be5 32. a4 Qe7 33. a5 Qxb4+ 34. Qb3 Qxb3+ 35. Kxb3 Reb8 36. Ka4 Rxb6 37. Bc4 Rbb8 38. Rd7 Bxc3 39. Rxf7 Kh8 40. Be6 Rxa5# 0-1

[Event "GER-ch Net Amateur Gr-B Vor2"]
[Site "Playchess.com INT"]
[Date "2020.04.15"]
[Round "1"]
[White "Domroese, Michael"]
[Black "Steinmetz, Rainer"]
[Result "0-1"]
[WhiteElo "1634"]
[BlackElo "1416"]
[PlyCount "92"]
[EventDate "2020.04.15"]
[EventType "swiss (blitz)"]
[EventRounds "9"]
[EventCountry "GER"]
[SourceTitle "CBM 196 Extra"]
[Source "ChessBase"]
[SourceDate "2020.07.31"]
[SourceVersion "1"]
[SourceVersionDate "2020.07.31"]
[SourceQuality "1"]

1. e4 c6 2. Nc3 d5 3. Nf3 dxe4 4. Nxe4 Nf6 5. Ng3 h5 6. h4 Bg4 7. Be2 e6 8. d4 Bd6 9. Bg5 Bxg3 10. fxg3 Qc7 11. Bf4 Qb6 12. b3 Nbd7 13. Bd6 Ne4 14. c4 Nxd6 15. c5 Qa5+ 16. Kf2 Nf5 17. Ng5 Qc7 18. Bxg4 Qxg3+ 19. Kg1 hxg4 20. Ne4 Qe3+ 21. Nf2 g3 22. Rh3 Qxf2+ 23. Kh1 Ne3 24. Qg1 Qxg1+ 25. Kxg1 Nf5 26. Rf1 Nf6 27. Rxf5 exf5 28. Rxg3 Rxh4 29. Rxg7 Ke7 30. Rg5 Rf4 31. g3 Rg4 32. Rxf5 Rxg3+ 33. Kf2 Rd3 34. Re5+ Kf8 35. Rf5 Nd5 36. Rh5 Ke7 37. Re5+ Kd7 38. Rf5 f6 39. Rh5 Re8 40. Rh7+ Re7 41. Rh8 a6 42. Rb8 Ke6 43. Rh8 Rd2+ 44. Ke1 Rxa2 45. Rh5 Rg7 46. Kf1 Ne3+ 0-1

[Event "GER-ch Net Amateur Gr-B Vor1"]
[Site "Playchess.com INT"]
[Date "2020.04.14"]
[Round "3"]
[White "Domroese, Michael"]
[Black "Fenski, Matthias"]
[Result "1-0"]
[WhiteElo "1604"]
[BlackElo "1696"]
[PlyCount "43"]
[EventDate "2020.04.14"]
[EventType "swiss (blitz)"]
[EventRounds "9"]
[EventCountry "GER"]
[SourceTitle "EXT 2021"]
[Source "ChessBase"]
[SourceDate "2020.10.23"]
[SourceVersion "1"]
[SourceVersionDate "2020.10.23"]
[SourceQuality "1"]

1. e4 d6 2. Nc3 Nf6 3. f4 e5 4. fxe5 dxe5 5. Nf3 Nbd7 6. Bc4 Be7 7. d3 0-0 8. 0-0 c6 9. Qe1 b5 10. Bb3 a5 11. a4 b4 12. Ne2 Qb6+ 13. Kh1 Re8 14. Ng3 Nf8 15. Be3 Bc5 16. Bxc5 Qxc5 17. Ng5 Be6 18. Nxe6 Nxe6 19. Nf5 Nd4 20. Qg3 Nxf5 21. Rxf5 Re7 22. Rxf6 1-0

[Event "GER-ch Net Amateur Gr-B Vor1"]
[Site "Playchess.com INT"]
[Date "2020.04.14"]
[Round "5"]
[White "Domroese, Michael"]
[Black "May, Alexander"]
[Result "1-0"]
[WhiteElo "1610"]
[BlackElo "1505"]
[PlyCount "85"]
[EventDate "2020.04.14"]
[EventType "swiss (blitz)"]
[EventRounds "9"]
[EventCountry "GER"]
[SourceTitle "EXT 2021"]
[Source "ChessBase"]
[SourceDate "2020.10.23"]
[SourceVersion "1"]
[SourceVersionDate "2020.10.23"]
[SourceQuality "1"]

1. e4 c5 2. Nc3 d6 3. f4 Nf6 4. Nf3 e6 5. Bc4 a6 6. a4 Be7 7. d3 0-0 8. 0-0 b6 9. Qe1 Bb7 10. e5 dxe5 11. fxe5 Nd5 12. Qg3 Re8 13. Bh6 Bf8 14. Ne4 Kh8 15. Bg5 Be7 16. Nh4 Bxg5 17. Nxg5 Qe7 18. Rxf7 Qxf7 19. Nxf7+ Kg8 20. Nd6 Re7 21. Rf1 Nc6 22. Qh3 Nd4 23. Nxb7 Rxb7 24. c3 Ne2+ 25. Kh1 Re8 26. Bxd5 exd5 27. Qe3 Nxc3 28. bxc3 Rbe7 29. d4 cxd4 30. cxd4 b5 31. axb5 axb5 32. Rb1 Rb8 33. h3 Kf7 34. Nf5 Reb7 35. Qg5 g6 36. Nd6+ Ke6 37. Qf6+ Kd7 38. Nxb7 Rxb7 39. Qf7+ Kc6 40. Qxb7+ Kxb7 41. Rxb5+ Kc6 42. Rc5+ Kb6 43. Rxd5 1-0

[Event "GER-ch Net Amateur Gr-B Vor1"]
[Site "Playchess.com INT"]
[Date "2020.04.14"]
[Round "7"]
[White "Lippmann, Kai"]
[Black "Domroese, Michael"]
[Result "1-0"]
[WhiteElo "1693"]
[BlackElo "1610"]
[PlyCount "59"]
[EventDate "2020.04.14"]
[EventType "swiss (blitz)"]
[EventRounds "9"]
[EventCountry "GER"]
[SourceTitle "EXT 2021"]
[Source "ChessBase"]
[SourceDate "2020.10.23"]
[SourceVersion "1"]
[SourceVersionDate "2020.10.23"]
[SourceQuality "1"]

1. c4 c5 2. Nc3 Nc6 3. g3 g6 4. Bg2 Bg7 5. e3 e5 6. Nge2 d6 7. 0-0 Nge7 8. b3 0-0 9. Bb2 Be6 10. Rc1 h6 11. Nb5 a6 12. Nbc3 Kh7 13. f3 f5 14. Na4 Rb8 15. d4 exd4 16. exd4 Nxd4 17. Nxd4 cxd4 18. Bxd4 b5 19. cxb5 axb5 20. Bxg7 Kxg7 21. Qd4+ Kh7 22. Nc3 d5 23. Rfe1 Bf7 24. f4 Nc6 25. Qc5 Rc8 26. Nxb5 Ne7 27. Qd6 Rxc1 28. Rxc1 Qxd6 29. Nxd6 Be6 30. Re1 1-0